| 000 | 00374nam a22001217a 4500 | ||
|---|---|---|---|
| 082 | _a345.5491 MAH | ||
| 100 | _aShaukat Mahmood and Nadeem Shoukat | ||
| 245 |
_aThe Pakistan Penal Code (XLV of 1860) Vol. II _cShaukat Mahmood |
||
| 260 |
_aLahore _bLegal Research Centre _c2015 |
||
| 300 | _a2014p | ||
| 942 |
_2ddc _cBK |
||
| 999 |
_c540930 _d540930 |
||